Łacińskie nazwy ssaków Polsk - psowata, łasicowate, nieparzystokopytne - Statystyki

Ogólne statystyki
  • Ten quiz został rozwiązany 30 razy
  • Średni wynik to 5 z 27
Statystyki odpowiedzi
Polska nazwa Odpowiedź % Poprawnych
Wilk szary Canis lupus
63%
Drapieżne Carnivora
63%
Psowate Canidae
38%
Dzik euroazjatycki Sus scrofa
38%
Szakal złocisty Canis aureus
25%
Daniel zwyczajny Dama dama
25%
Lis rudy Vulpes vulpes
25%
Łoś euroajatycki Alces alces
13%
Parzystokopytne Artiodactyla
13%
Żubr europejski Bison bonasus
13%
Wołowate Bovidae
13%
Sarna europejska Capreolus capreolus
13%
Jeleniowate Cervidae
13%
Jeleń szlachetny Cervus elaphus
13%
Wydra europejska Lutra lutra
13%
Kuna domowa Martes foina
13%
Kuna leśna Martes martes
13%
Borsuk europejski Meles meles
13%
Gronostaj europejski Mustela erminea
13%
Łasica pospolita Mustela nivalis
13%
Tchórz zwyczajny Mustela putorius
13%
Łasicowate Mustelidae
13%
Wizon amerykański Neovison vison
13%
Jenot azjatycki Nyctereutes procyonoides
13%
Muflon śródziemnomorski Ovis musimon
13%
Kozica tatrzańska Rupicapra tatrica
13%
Świniowate Suidae
13%
Nie znaleziono quizów pasujących do podanych kryteriów
Rozkład punktacji
Procent ludzi z każdym wynikiem
Percentyl według liczby udzielonych odpowiedzi
Twoja historia wyników
Nie rozwiązałeś tego quizu